LEADER 01821nam 2200457 450 001 000008240 005 20050718115300.0 010 $a88-15-04585-6 100 $a20010511d1994----km-y0itay0103----ba 101 0 $aita 102 $aIT 200 1 $aSistema agroalimentare e mercati agricoli$fa cura di Gian Paolo Cesaretti, Angela Carla Mariani, Valeria Sodano 210 $aBologna$c<> Mulino$dc1994 215 $a502 p.$cill.$d24 cm. 225 1 $aStrumenti$iEconomia 606 $aMercati agricoli 606 $aEconomia agraria 606 $aPolitica agraria 676 $a382.410945$v(20. ed.)$9Commercio internazionale. Prodotti agricoli. Italia 676 $a338.1$v(20. ed.)$9Produzione. Agricoltura 702 1$aCesaretti,$bGian Paolo 702 1$aMariani,$bAngela Carla 702 1$aSodano,$bValeria 801 0$aIT$bUniversità della Basilicata - B.I.A.$gRICA$2unimarc 912 $a000008240 996 $aSistema agroalimentare e mercati agricoli$955686 997 $aUNIBAS BAS $aMONAGR BAS $aMONOGR BAS $aAGRARIA CAT $aTORRE$b20$c20010511$lBAS01$h1337 CAT $aTORRE$b20$c20010514$lBAS01$h0927 CAT $c20050601$lBAS01$h1754 CAT $abatch$b01$c20050718$lBAS01$h1049 CAT $c20050718$lBAS01$h1109 CAT $c20050718$lBAS01$h1139 CAT $c20050718$lBAS01$h1153 FMT Z30 -1$lBAS01$LBAS01$mBOOK$1BASA2$APolo Tecnico-Scientifico$2DID$BDidattica$3PTS.s2.p23.25$681687$5A81687$820010523$f98$FConsultazione Z30 -1$lBAS01$LBAS01$mBOOK$1BASA2$APolo Tecnico-Scientifico$2DID$BDidattica$3PTS.s2.p23.25A$681267$5A81267$820010514$f04$FPrestabile Didattica Z30 -1$lBAS01$LBAS01$mBOOK$1BASA2$APolo Tecnico-Scientifico$2DID$BDidattica$3PTS.s2.p23.25B$681686$5A81686$820020311$f04$FPrestabile Didattica LEADER 01935oam 2200541M 450 001 9910716402003321 005 20200213070615.3 035 $a(CKB)5470000002522130 035 $a(OCoLC)1065979705 035 $a(OCoLC)995470000002522130 035 $a(EXLCZ)995470000002522130 100 $a20071213d1927 ua 0 101 0 $aeng 135 $aurcn||||||||| 181 $ctxt$2rdacontent 182 $cc$2rdamedia 183 $acr$2rdacarrier 200 10$aAgreement between Montana and private owners of lands for grazing, etc. January 19, 1927. -- Committed to the Committee of the Whole House on the State of the Union and ordered to be printed 210 1$a[Washington, D.C.] :$c[U.S. Government Printing Office],$d1927. 215 $a1 online resource (3 pages) $ctables 225 1 $aHouse report / 69th Congress, 2nd session. House ;$vno. 1807 225 1 $a[United States congressional serial set] ;$v[serial no. 8688] 300 $aBatch processed record: Metadata reviewed, not verified. Some fields updated by batch processes. 300 $aFDLP item number not assigned. 606 $aConcessions 606 $aGrazing 606 $aLeases 606 $aPublic lands 606 $aRanches 606 $aRanching 608 $aLegislative materials.$2lcgft 615 0$aConcessions. 615 0$aGrazing. 615 0$aLeases. 615 0$aPublic lands. 615 0$aRanches. 615 0$aRanching. 701 $aLeavitt$b Scott$f1879-1966$pRepublican (MT)$01388436 801 0$bWYU 801 1$bWYU 801 2$bOCLCO 801 2$bOCLCQ 801 2$bOCLCO 801 2$bOCLCQ 906 $aBOOK 912 $a9910716402003321 996 $aAgreement between Montana and private owners of lands for grazing, etc. January 19, 1927. -- Committed to the Committee of the Whole House on the State of the Union and ordered to be printed$93447226 997 $aUNINA